| 000 | 00796nam a2200241 a 4500 | ||
|---|---|---|---|
| 001 | 46392 | ||
| 003 | BD-RjUL | ||
| 005 | 20211209054139.0 | ||
| 008 | 160802s1907 enkh 000 0 eng d | ||
| 035 | _a(BD-RjUL)46510 | ||
| 040 |
_aACL _cACL _dOCLCQ _dVYN _dBD-RjUL _beng |
||
| 041 | 1 |
_aeng _hita |
|
| 082 |
_223 _a229.8 _bGOS 1907 |
||
| 245 | 0 | 4 |
_aThe Gospel of Barnabas / _cedited and translated from the Italian ms. in the Imperial Library at Vienna, by Lonsdale and Laura Ragg. |
| 260 |
_aOxford : _bClarendon Press, _c1907. |
||
| 300 |
_a297 p. ; _c23 cm. |
||
| 650 |
_aGospel of Barnabas. _9141647 |
||
| 650 |
_aChristianity and other religions _xIslam. _9141648 |
||
| 650 |
_aIslam _xChristianity. _9141649 |
||
| 700 | 1 |
_aLonsdale _9141650 |
|
| 700 | 1 |
_aRagg, Laura _9141651 |
|
| 942 |
_2ddc _cBK |
||
| 999 |
_c46392 _d46392 |
||